Couleur des sièges des stations de la ligne 8 du métro parisien - Statistiques

Statistiques générales
  • Ce quiz a été pris 6 fois
  • Le résultat moyen est 3 sur 38
Statistiques - réponses
Hint Réponse % Correct
8 Balard Jaune
50%
8 Daumesnil Bleu
25%
8 Créteil - Université Bleu
25%
8 Créteil - Préfecture Bleu
25%
8 Madeleine Jaune
25%
8 République Jaune
25%
8 Opéra Orange
25%
8 Porte de Charenton Orange
25%
8 Reuilly - Diderot Vert
25%
8 Chemin Vert Violet
25%
8 Lourmel Blanc
0%
8 Créteil - L'Échat Blanc
0%
8 Richelieu-Drouot Bleu
0%
8 Filles du Calvaire Bleu
0%
8 Ledru-Rollin Bleu
0%
8 Félix Faure Cyan
0%
8 École Vétérinaire de Maisons-Alfort Cyan/Vert
0%
8 Bonne Nouvelle Gris
0%
8 Charenton-Écoles Jaune
0%
8 Boucicaut Orange
0%
8 La Motte-Picquet - Grenelle Orange
0%
8 La Tour-Maubourg Orange
0%
8 Saint-Sébastien - Froissart Orange
0%
8 Bastille Orange
0%
8 Faidherbe - Chaligny Orange
0%
8 Michel Bizot Orange
0%
8 Porte Dorée Orange
0%
8 Créteil - Pointe du Lac Orange
0%
8 Montgallet Rouge
0%
8 Maisons-Alfort - Les Juilliottes Rouge
0%
8 Maisons-Alfort - Stade Rouge/Blanc
0%
8 Commerce Vert
0%
8 École Militaire Vert
0%
8 Grands Boulevards Vert
0%
8 Strasbourg - Saint-Denis Vert
0%
8 Liberté Vert
0%
8 Invalides Violet
0%
8 Concorde Violet
0%
Aucun quiz correspondant
Distribution des résultats
% des personnes avec chaque résultat
Percentile par nombre de réponses
Votre historique - résultats
Vous n’avez pas pris ce quiz